• 首页
  • 本馆介绍
  • 公告通知
  • 最新文献
  • 馆藏检索
  • 电子资源
  • 读者导购
  • 参考咨询
  • 我的图书馆
  • 登录
  • 详细信息显示
  • 放入我的书架
  • 预约/预借图书
  • 作者相关作品
  • 分类相关作品
  • 丛书相关作品
  • 出版社相关作品

书目信息

  • 表格格式
  • 工作单格式
  • 卡片格式
题名:
被敌人反对是好事而不是坏事
    
 
作者: 毛泽东 著
分册:  
出版信息: 北京   人民出版社  1976
页数: 4页
开本: 20cm
丛书名:
单 册:
中图分类: A424
科图分类:
主题词: 毛泽东著作--单行本--1939
电子资源:
ISBN:
000 00604nam0 2200217 45
001 0176003879
005 20060808091057.28
010    @dCNY0.04
091    @aCN@b1001.1053
100    @a19950109d1976 em y0chiy0121 ea
101 0  @achi
102    @aCN@b110000
105    @ay z 000yy
200 10 @a被敌人反对是好事而不是坏事@Abei di ren fan dui shi hao shi er bu shi huai shi@f毛泽东著
210    @a北京@c人民出版社@d1976
215    @a4页@d20cm
606    @a毛泽东著作@x单行本@z1939
690    @aA424@v3
701  0 @a毛泽东@Amao ze dong@4著
801  0 @aCN@bTSSF@c20060808
905    @a10447@dA424@e27
    
    被敌人反对是好事而不是坏事/毛泽东著.-北京:人民出版社,1976
    4页;20cm
    
    
    ISBN :CNY0.04
    
●
相关链接 在E读中查询图书 在五车中查询图书 在当当中查询图书 在豆瓣中查询图书


正题名:被敌人反对是好事而不是坏事     索取号:A424/27         预约/预借

序号 登录号 条形码 馆藏地/架位号 状态 备注
1 0439789   204397893   密集书库/ [索取号:A424/27] 在馆    
2 0439790   204397900   密集书库/ [索取号:A424/27] 在馆    
3 0439791   204397919   密集书库/ [索取号:A424/27] 在馆    
4 0439792   204397928   密集书库/ [索取号:A424/27] 在馆    
5 0439793   204397937   密集书库/ [索取号:A424/27] 在馆    
6 0439794   204397946   密集书库/ [索取号:A424/27] 在馆    
7 0439795   204397955   密集书库/ [索取号:A424/27] 在馆    
8 0439796   204397964   密集书库/ [索取号:A424/27] 在馆    
9 0439797   204397973   密集书库/ [索取号:A424/27] 在馆    
10 0441318   204413189   密集书库/ [索取号:A424/27] 在馆    
11 0447254   204472542   密集书库/ [索取号:A424/27] 在馆    
唐山师范学院图书馆 欢迎您!
大连网信软件有限公司© 版权所有